| 000 | 00621nam a2200193 u 4500 | ||
|---|---|---|---|
| 005 | 20240803063803.0 | ||
| 008 | 100428s2009 es r 000 0 spa d | ||
| 020 | _a9788466777636 | ||
| 035 | _aUPN01000175597 | ||
| 049 | _aCG | ||
| 050 | 4 |
_aPQ6401 _bA1 2009 |
|
| 100 | 0 |
_aJuan Manuel, _cInfante de Castilla, _d1283-1348 _928802 |
|
| 245 | 1 | 3 |
_aEl Conde Lucanor / _cDon Juan Manuel ; adaptación de Francisco Alejo Fernández ; il. de Jesús Alonso Iglesias. |
| 260 |
_aMadrid : _bAnaya, _c2009. |
||
| 300 |
_a159 p. : _bil. col. |
||
| 440 | 0 | _aClásicos a medida | |
| 650 | 4 |
_aNovela española _910814 |
|
| 905 | _aLibro | ||
| 999 |
_c147701 _d147701 |
||